Anak Merdeka 31 Ogos 1957-31 Ogos 2007

Bibliographic Details
Corporate Author: Malaysia. Kementerian Penerangan
Format: Book
Published: Kuala Lumpur : Jabatan Penerangan Malaysia , [200?]
Subjects:

MARC

LEADER 00000cam a2200000 7i4500
001 0000029906
005 20100820.0
008 100820
090 0 0 |a 920.0595   |b ANA 
245 1 0 |a Anak Merdeka 31 Ogos 1957-31 Ogos 2007 
260 |a Kuala Lumpur :   |b Jabatan Penerangan Malaysia ,   |c [200?] 
650 0 |a Independence day (Malaysia) 
650 0 |a Malaysians   |x Biography 
710 0 |a Malaysia. Kementerian Penerangan 
999 |a 0001154091   |b Book   |c REFERENCE   |e Cawangan Tangkak 
999 |a 0001154093   |b Book   |c REFERENCE   |e Cawangan Bandar Tenggara